Villes de Liège - Statistics

General Stats
  • This quiz has been taken 20 times
  • The average score is 9 of 16
Answers on the Map
Answers color-coded by a green-red scale on the quiz's map according to % correct below.
 
Answer Stats
answer % Correct
Liège | Lüttich | Luik
100%
Seraing
85%
Eupen | Néau
77%
Herstal
77%
Ans
69%
Verviers
69%
Huy | Hoei
62%
Waremme | Borgworm
62%
Malmedy
54%
Visé | Wezet
54%
Hannut | Hannuit
46%
Spa
46%
Stavelot | Stablo
46%
Sankt Vith | Saint-Vith
38%
Herve
31%
Limbourg | Limburg
23%
No matching quizzes found
Score Distribution
Percent of People with Each Score
Percentile by Number Answered
Your Score History
You have not taken this quiz